000 00582cab a2200181 4500
001 ##L132628
008 060223n2006 000 0 eng u
035 _a(Sirsi) u132628
041 0 _aeng
100 1 _aYoung, Eleanor
245 0 0 _aStarship enterprise
260 _c2006
490 0 _aRIBA Journal
_v113(2) 2 February 2006, 38-42(5)
520 _aReports on the design and architecture of an astronomy at a primary school in west London. Includes site plans and brief table of costings.
590 _aIKA280206
690 _aBUILT ENVIRONMENT-BUILDING COSTS
942 _n0
999 _c76533
_d76533